[Event "FSIMA August"]
[Site "Budapest HUN"]
[Date "2005.08.10"]
[Round "5"]
[White "Zucchelli,M"]
[Black "Brustkern,J"]
[Result "0-1"]
[WhiteElo "2152"]
[BlackElo "2250"]

1.d4 d5 2.c4 Nc6 3.Nf3 Bg4 4.cxd5 Bxf3 5.dxc6 Bxc6 6.Nc3 e6 7.e4 Bb4 8.f3 Qh4+
9.g3 Qh5 10.Bg2 O-O-O 11.Be3 f5 12.Qb3 Bxc3+ 13.bxc3 fxe4 14.Qxe6+ Kb8 15.f4 Nf6
16.Qb3 g5 17.fxg5 Nd5 18.c4 Ba4 19.Qa3 Nxe3 20.Qxe3 Rhf8 21.h4 Qf7 22.Rc1 Qg7
23.Rf1 c5 24.d5 Qb2 25.Qd2 Rxf1+ 26.Bxf1 Qd4 27.Qxd4 cxd4 28.Bg2 Rf8 29.h5 d3
30.Bxe4 Re8 31.Kd2 Rxe4 32.g6 hxg6 33.h6 Re2+ 34.Kxd3 Rh2 35.Rf1 Rxh6 36.Kd4 Rh3
37.d6 Kc8 38.Ke5 Be8 39.Rf8 Kd8 40.Rf3 Rh5+ 41.Kd4 Bc6 42.Rf7 Rg5 43.c5 Rxg3  0-1

[Event "FSIMA August"]
[Site "Budapest HUN"]
[Date "2005.08.13"]
[Round "8"]
[White "Szeberenyi,A"]
[Black "Bors,T"]
[Result "1-0"]
[WhiteElo "2396"]
[BlackElo "2290"]

1.d4 d5 2.c4 Nc6 3.cxd5 Qxd5 4.e3 e5 5.Nc3 Bb4 6.Bd2 Bxc3 7.bxc3 Nf6 8.f3 O-O
9.Bd3 Re8 10.Ne2 exd4 11.cxd4 Bf5 12.Bxf5 Qxf5 13.O-O Rad8 14.Qb1 Qc8 15.Qb3 Nd5
16.Rab1 Nb6 17.Rfc1 Rd6 18.Ng3 h6 19.Rc5 Qd7 20.Be1 Nd8 21.Bf2 c6 22.Nf5 Rg6
23.e4 Ne6 24.Rc2 Ng5 25.Kh1 Nxe4 26.fxe4 Rxe4 27.Ng3 Re7 28.Qa3 Nc8 29.Re2 Rxe2
30.Nxe2 Qf5 31.Rf1 Qb5 32.Re1 Re6 33.Ng1 Rxe1 34.Bxe1 Qd5 35.Nf3 Qe4 36.h3 a6
37.Qa5 Qe7 38.Bb4 Qd7 39.Qc5 Kh7 40.Qe5 f6 41.Qe4+ Kh8 42.Nh4 Kg8 43.Nf5 Nb6
44.Qg4 Kh7 45.Bc5 Nd5 46.Nxh6 Qe8 47.Nf5 g6 48.Ne7 Qf7 49.Qd7 f5 50.Nxd5  1-0

[Event "ch-AUT Qualifier"]
[Site "Gmunden AUT"]
[Date "2005.08.15"]
[Round "3"]
[White "Ennsberger,U"]
[Black "Brandner,S"]
[Result "0-1"]
[WhiteElo "2280"]
[BlackElo "2348"]

1.d4 d5 2.c4 Nc6 3.Nc3 e5 4.cxd5 Nxd4 5.Nf3 Nxf3+ 6.exf3 Nf6 7.Bb5+ Nd7 8.O-O Bd6
9.Ne4 O-O 10.Nxd6 cxd6 11.a4 f5 12.f4 a6 13.Bxd7 Bxd7 14.Qb3 b5 15.a5 Rc8
16.Be3 Rc4 17.Bb6 Qf6 18.fxe5 dxe5 19.Rad1 Qd6 20.Rfe1 f4 21.f3 Rfc8 22.Rd2 Bf5
23.Qd1 Rc2 24.Rde2 Rxe2 25.Qxe2 Qxd5 26.Qxe5 Qxe5 27.Rxe5 Rc1+ 28.Kf2 Bd3
29.g3 Rc2+ 30.Kg1 Rxb2 31.Re7 Rc2 32.gxf4 b4 33.Bd4 g6 34.Re3 Bc4 35.Be5 b3
36.Re4 Kf7 37.h4 h5 38.Bh8 Bd5 39.Rb4 Ke6 40.Be5 Kf5 41.Rb6 Bxf3 42.Rxb3 Kg4
43.Rb6 Be4 44.Rxa6 Kf3 45.f5 Rg2+ 46.Kh1 Kf2 47.Bd4+ Kf1  0-1

[Event "ch-AUT Qualifier"]
[Site "Gmunden AUT"]
[Date "2005.08.17"]
[Round "5"]
[White "Balinov,I"]
[Black "Brandner,S"]
[Result "0-1"]
[WhiteElo "2388"]
[BlackElo "2348"]

1.d4 d5 2.c4 Nc6 3.Nc3 e5 4.cxd5 Nxd4 5.e3 Nf5 6.e4 Nd4 7.f4 Bd6 8.Be3 c5
9.Nb5 Nf6 10.Nf3 Nxf3+ 11.Qxf3 Bg4 12.Nxd6+ Qxd6 13.Bb5+ Bd7 14.Bc4 b5 15.Be2 c4
16.f5 Qb4+ 17.Kf2 c3 18.Bd3 cxb2 19.Rad1 Rc8 20.Rhe1 Rc3 21.Bb1 O-O 22.g4 Rfc8
23.Kg1 R8c4 24.g5 Nxe4 25.g6 hxg6 26.fxg6 fxg6 27.Qg2 Bf5 28.Kh1 Rxe3 29.Rxe3 Rc1
30.Rd3 Nf2+ 31.Qxf2 Bxd3  0-1

[Event "15th ch-SLO"]
[Site "Ptuj SLO"]
[Date "2005.08.17"]
[Round "7"]
[White "Podkriznik,G"]
[Black "Gruskovnjak,T"]
[Result "0-1"]
[WhiteElo "2391"]
[BlackElo "2293"]

1.d4 d5 2.c4 Nc6 3.Nc3 dxc4 4.Nf3 Nf6 5.e4 Bg4 6.Be3 e6 7.Bxc4 Bb4 8.Qc2 O-O
9.Rd1 Qe7 10.Be2 Bh5 11.O-O h6 12.Ne5 Bxe2 13.Nxc6 bxc6 14.Nxe2 e5 15.f3 Bd6
16.Qxc6 Nh5 17.Qc2 f5 18.d5 fxe4 19.fxe4 Rab8 20.Rc1 a5 21.b3 Rb4 22.Rxf8+ Qxf8
23.Bf2 Nf6 24.Ng3 Ng4 25.h3 Nxf2 26.Qxf2 Qf4 27.Re1 g6 28.Qf3 Bc5+ 29.Kh2 Bf2
30.Re2 Bc5 31.Rc2 Bd6 32.Rc4 Qg5 33.Rxb4 axb4 34.Qd3 Qf4 35.Qf1 Qg5 36.Qd3 Qf4
37.Qf3 Qg5 38.Ne2 Kg7 39.Ng1 Bc5 40.Ne2 h5 41.Qg3 Qf6 42.Ng1 Bd4 43.Nf3 Be3
44.Kh1 Bf4 45.Qh4 Qa6 46.Qf2 Qd3 47.Qe1 g5 48.Kg1 g4 49.hxg4 hxg4 50.Nh4 Kf6
51.Nf5 g3 52.Kh1 Bd2 53.Qd1 Qxe4 54.Nxg3 Qh4+ 55.Kg1 Be3+ 56.Kf1 Qxg3  0-1

[Event "Independence Cup A"]
[Site "Kiev UKR"]
[Date "2005.08.18"]
[Round "7"]
[White "Shishkin,Va UKR"]
[Black "Panchenko,AG"]
[Result "1-0"]
[WhiteElo "2507"]
[BlackElo "2412"]

1.d4 d5 2.c4 Nc6 3.Nc3 dxc4 4.Nf3 Nf6 5.e3 Bg4 6.Bxc4 a6 7.h3 Bxf3 8.Qxf3 e6
9.O-O Bd6 10.a3 O-O 11.b4 e5 12.d5 Ne7 13.e4 Rc8 14.Rd1 Nd7 15.Bd3 c5 16.dxc6 Nxc6
17.Ne2 Bb8 18.Bb2 Ba7 19.Rac1 Qe7 20.Bc4 Rfd8 21.Bd5 Ndb8 22.Rc2 g6 23.Rcd2 Kg7
24.g3 Rd7 25.Kg2 Rcd8 26.Qb3 f6 27.f4 Re8 28.Qf3 Red8 29.h4 Re8 30.h5 Rh8
31.Qg4 Rhd8 32.Rd3 g5 33.fxg5 fxg5 34.h6+ Kxh6 35.Nf4 Kg7 36.Ne6+ Kh8 37.Nxd8 Rxd8
38.Bxc6  1-0

[Event "ch-AUT"]
[Site "Gmunden AUT"]
[Date "2005.08.19"]
[Round "9"]
[White "Baumegger,S"]
[Black "Volkmann,F"]
[Result "1/2-1/2"]
[WhiteElo "2411"]
[BlackElo "2429"]

1.d4 d5 2.c4 Nc6 3.Nf3 Bg4 4.Nc3 e6 5.Bg5 Be7 6.Bxe7 Ngxe7 7.e3 O-O 8.cxd5 Nxd5
9.Be2 Nxc3 10.bxc3 Na5 11.O-O c5 12.Qa4 Bh5 13.Rfd1 Rc8 14.Rac1 a6 15.e4 b5
16.Qa3 Qb6 17.Qb2 Rfd8 18.a4 cxd4 19.Rxd4 Rxd4 20.cxd4 Rxc1+ 21.Qxc1 g6 22.axb5 axb5
23.d5 exd5 24.Qc8+ Kg7 25.g4 dxe4 26.Ng5 Bxg4 27.Bxg4 e3 28.Qc3+ Qf6 29.Qxe3 Nc4
30.Qc1 Qd4 31.Be2 Nd2 32.Qc7 Qd5 33.Qf4 b4 34.Nf3 Ne4 35.Qe5+ Qxe5 36.Nxe5 Kf6
37.Nc4 Ke6 38.Bf3 f5 39.Bxe4 fxe4 40.Nd2 Ke5 41.Kf1 Kf4 42.Nb3  1/2-1/2

[Event "Independence Cup A"]
[Site "Kiev UKR"]
[Date "2005.08.20"]
[Round "9"]
[White "Brozhik,V"]
[Black "Burakovsky,M"]
[Result "1-0"]
[WhiteElo "2149"]
[BlackElo "2042"]

1.d4 d5 2.c4 Nc6 3.Nf3 Bg4 4.cxd5 Bxf3 5.dxc6 Bxc6 6.Nc3 e6 7.a3 Nf6 8.Bg5 Be7
9.e3 O-O 10.Qc2 Nd5 11.Bxe7 Qxe7 12.Nxd5 exd5 13.Bd3 h6 14.Rc1 Bd7 15.O-O c6
16.Rfe1 Rae8 17.b4 a6 18.a4 f5 19.g3 Qg5 20.f4 Qg4 21.Kg2 Qg6 22.Qc5 Rf7
23.Qb6 Bc8 24.b5 axb5 25.axb5 Re6 26.bxc6 bxc6 27.Rc3 Rb7 28.Qa5 Rb2+ 29.Re2 Rxe2+
30.Bxe2 Qe8 31.Kf2 Kh7 32.Qc5 Bd7 33.Qa7 Re7 34.Rb3 Be6 35.Rb7 Rxb7 36.Qxb7 Qd7
37.Qb8 Bf7 38.Qe5 Qe6 39.Qc7 Kg8 40.Bd3 g6 41.h3 h5 42.Qe5 Qc8 43.Be2 c5
44.dxc5 Qxc5 45.Qf6 Qc2 46.Qd4 Qe4 47.Qxe4 dxe4 48.Ke1 Kf8 49.Kd2 Ke7 50.Kc3 Kd6
51.Kd4 Be8 52.Bc4 Ke7 53.Ke5 Bd7 54.Bg8 Bc8 55.Bc4 Bd7 56.Bd5 Bc8 57.Bc6 Ba6
58.g4 fxg4 59.hxg4 h4 60.Kxe4 Kd6 61.Ba8 Be2 62.f5 g5 63.Kd4 h3 64.e4 Bxg4
65.e5+ Ke7 66.f6+ Kf8 67.Bd5 Be2 68.e6 Bb5 69.Ke5 Ke8 70.Kd6 Ba4  1-0

[Event "41st Rubinstein Mem Open A"]
[Site "Polanica Zdroj POL"]
[Date "2005.08.20"]
[Round "2"]
[White "Czakon,J"]
[Black "Orzechowski,J"]
[Result "1/2-1/2"]
[WhiteElo "2461"]
[BlackElo "2235"]

1.d4 d5 2.c4 Nc6 3.Nc3 dxc4 4.Nf3 Nf6 5.e4 Bg4 6.Be3 e5 7.d5 Nb8 8.Qa4+ Bd7
9.Qxc4 Bd6 10.Nb5 Bxb5 11.Qxb5+ Nbd7 12.Bd3 O-O 13.O-O Ng4 14.Bg5 f6 15.Bd2 Nc5
16.h3 f5 17.hxg4 fxe4 18.Bxe4 Nxe4 19.Rae1 Nxd2 20.Nxd2 Qg5 21.Ne4 Qxg4 22.Qxb7 Rab8
23.Qxa7 Rxb2 24.Re3 Qg6 25.a4 Rb4 26.Nxd6 cxd6 27.Qd7 Rbf4 28.a5 Qf6 29.Re2 Rh4
30.Qe6+ Qxe6 31.dxe6 Ra4 32.Rd1 Rxa5 33.Rxd6 Re8 34.Rc2 e4 35.Kf1 Re5 36.Rcc6 g6
37.Ke2 Kg7 38.Rd7+ Kg8 39.Rcc7 R5xe6 40.Rg7+ Kh8 41.Rxh7+ Kg8 42.Ke3 Rf6
43.Rcg7+ Kf8 44.Rh8+ Kxg7 45.Rxe8 Ra6 46.Rxe4 Ra3+ 47.Kf4 Ra2 48.Kg3 Kf6
49.Rb4 Rc2 50.Rb6+ Kg7 51.f4 Rc3+ 52.Kg4 Rc2 53.g3 Rc3 54.Rb2 Kf6 55.Rf2 Ra3
56.Rf3 Ra6 57.Rb3 Rc6 58.Kh4 Ra6 59.g4 Rc6 60.Rb7 g5+ 61.fxg5+ Kg6 62.Rb4 Rc3
63.Rb6+ Kg7 64.Rd6 Ra3 65.Re6 Rb3 66.g6 Kh6 67.g5+ Kg7 68.Kh5 Rh3+ 69.Kg4 Rh1
70.Kf5 Rf1+ 71.Ke4 Re1+ 72.Kd5 Rxe6 73.Kxe6 Kxg6  1/2-1/2

[Event "49th TCh-ESP Honor Final"]
[Site "Merida ESP"]
[Date "2005.09.11"]
[Round "2"]
[White "Gomez Esteban,J"]
[Black "Romero Holmes,A"]
[Result "1/2-1/2"]
[WhiteElo "2467"]
[BlackElo "2503"]

1.d4 d5 2.c4 Nc6 3.Nc3 dxc4 4.d5 Ne5 5.f4 Nd7 6.e4 Nb6 7.a4 a5 8.Be3 e6 9.Bxb6 cxb6
10.Bxc4 Bb4 11.dxe6 Qxd1+ 12.Rxd1 Bxe6 13.Bxe6 fxe6 14.Ne2 Nf6 15.Kf2 h5
16.h3 Rf8 17.e5 Nd7 18.Ke3 Bc5+ 19.Ke4 Ke7 20.g4 Rac8 21.f5 Bb4 22.Nf4 exf5+
23.gxf5 Nc5+ 24.Kd4 Bxc3+ 25.bxc3 Rxf5 26.Nd5+ Ke6 27.Rb1 Nxa4 28.Rb5 Rc5
29.Re1 Rxb5 30.Nc7+ Ke7 31.Nxb5 Rf4+ 32.Kd5 Rf3 33.Rg1 Kf8 34.Nd4 Nxc3+ 35.Ke6 Rf4
36.Nf5 a4 37.Nxg7 Ne2 38.Rg2 a3 39.Rxe2 Kxg7 40.Rg2+ Kf8 41.Rc2 b5 42.Rc8+ Kg7
43.Rc7+ Kg6 44.Rc1 b4 45.Rg1+ Kh6 46.Kd5 b3 47.e6 Rf2 48.Re1 Rf8 49.Kc4 b2
50.Kb3 Ra8 51.Ka2 Kg6 52.e7 Kf7 53.h4 Ke8 54.Rg1 Kxe7 55.Rg7+ Kf6 56.Rxb7 Ra4
57.Rb5 Rxh4 58.Kxa3 Rh2 59.Ka2 h4 60.Kb1 h3 61.Rb3 Kf5 62.Rb5+ Ke4 63.Rb3 Kf4
64.Rd3 Kg4 65.Rd4+ Kf3 66.Rd3+ Ke2 67.Rc3 Kf1 68.Rd3 Rh1 69.Kxb2 Ke2 70.Rc3 h2
71.Rc2+ Kd3 72.Rc3+ Ke4 73.Rh3 Kf4 74.Rh8 Kg3  1/2-1/2

[Event "Geller mem Open A"]
[Site "Odessa UKR"]
[Date "2005.09.16"]
[Round "2"]
[White "Mironov,I"]
[Black "Kovaleva,M"]
[Result "1-0"]
[WhiteElo "2311"]
[BlackElo "2045"]

1.d4 d5 2.c4 Nc6 3.cxd5 Qxd5 4.e3 e5 5.Nc3 Bb4 6.Bd2 Bxc3 7.bxc3 Nf6 8.f3 O-O
9.e4 Qd6 10.d5 Nb8 11.c4 Na6 12.Ne2 Nc5 13.Nc3 a6 14.Be3 Nh5 15.g3 g6 16.Bg2 f5
17.O-O f4 18.Bf2 g5 19.g4 Nf6 20.h4 h5 21.hxg5 hxg4 22.fxg4 Nh7 23.Bf3 Nxg5
24.Kg2 Rf6 25.Rh1 Rg6 26.Rh4 Kg7 27.Qe2 Bd7 28.Rg1 Rg8 29.Kf1 b6 30.Ke1 Kf6
31.Kd2 Na4 32.Nxa4 Bxa4 33.c5 bxc5 34.Rc1 Bb5 35.Qd1 c4 36.Rc3 Qb4 37.a3 Qb2+
38.Qc2 Qxc2+ 39.Kxc2 Nxf3 40.Rxf3 Rxg4 41.Rh5 Re8 42.Kc3 Rg2 43.Rh7 Rg7 44.Rxf4+ Kg6
45.Rxg7+ Kxg7 46.Rf5 Bd7 47.Rg5+ Kf6 48.Bh4 Kf7 49.Kxc4 Rh8 50.Bg3 Rh3 51.Bxe5 Rxa3
52.Rg7+ Ke8 53.Bxc7 Ra4+ 54.Kd3 Bb5+ 55.Ke3 Kf8 56.Rh7 Kg8 57.Re7 Rc4 58.d6 Kf8
59.d7 Rc3+ 60.Kf4 Bxd7 61.Rxd7 Ke8 62.Rh7 Rc1 63.Kf5 Rc5+ 64.e5  1-0

[Event "Geller mem Open A"]
[Site "Odessa UKR"]
[Date "2005.09.18"]
[Round "4"]
[White "Mironov,I"]
[Black "Kotin,V"]
[Result "1/2-1/2"]
[WhiteElo "2311"]
[BlackElo "2114"]

1.d4 d5 2.c4 Nc6 3.cxd5 Qxd5 4.e3 e5 5.Nc3 Bb4 6.Bd2 Bxc3 7.bxc3 Nf6 8.f3 O-O
9.e4 Qd6 10.d5 Ne7 11.c4 c5 12.Bd3 Ne8 13.Ne2 f5 14.Nc3 f4 15.Ke2 Qf6 16.Qg1 b6
17.a4 Nd6 18.Qf2 Bd7 19.Rhb1 Rfb8 20.Nb5 a6 21.Nxd6 Qxd6 22.Qf1 Ra7 23.Kf2 a5
24.Bc3 g5 25.Qe2 Re8 26.Qb2 Nc8 27.Be2 h5 28.h3 Re7 29.Rh1 Be8 30.Rhg1 h4
31.Ra3 Rab7 32.Rb1 Kf8 33.Qc1 Kg8 34.Rab3 Rf7 35.R1b2  1/2-1/2

[Event "ProMoPro Open"]
[Site "Prague CZE"]
[Date "2005.09.19"]
[Round "5"]
[White "Klecker,T"]
[Black "Prachar,J"]
[Result "0-1"]
[WhiteElo "1832"]
[BlackElo "2038"]

1.d4 d5 2.c4 Nc6 3.cxd5 Qxd5 4.Nf3 e5 5.Nc3 Bb4 6.a3 Bxc3+ 7.bxc3 e4 8.Nd2 Nf6
9.e3 O-O 10.c4 Qg5 11.Bb2 Re8 12.Qc2 Bf5 13.h3 Bg6 14.O-O-O Rad8 15.g3 Qf5
16.Nb3 b6 17.Bg2 a5 18.g4 Qg5 19.d5 Ne5 20.Bxe5 Qxe5 21.Qb2 Qd6 22.g5 Nd7
23.h4 Bh5 24.Rd4 f5 25.gxf6 Nxf6 26.Bh3 Bg4 27.Kb1 a4 28.Nd2 Qd7 29.Bg2 Bf5
30.h5 h6 31.Ka2 c5 32.dxc6 Qxc6 33.Rh4 Rb8 34.f3 b5 35.Qc3 bxc4 36.fxe4 Be6
37.Bf1 Kh8 38.Bxc4 Rec8 39.e5 Nd5 40.Rxd5 Bxd5 41.Rg4 Rc7 42.Qd4 Qb5 43.Bxd5 Rc2+
44.Ka1 Rxd2 45.Qb4 Qf1+  0-1

[Event "TCh-NED 2005-6"]
[Site "Netherlands NED"]
[Date "2005.09.24"]
[Round "1"]
[White "Blees,A"]
[Black "Veltkamp,G"]
[Result "1-0"]
[WhiteElo "2393"]
[BlackElo "2166"]

1.d4 d5 2.c4 Nc6 3.Nf3 Bg4 4.Ne5 Nxe5 5.dxe5 c6 6.Qa4 h5 7.cxd5 Qxd5 8.Bf4 Rd8
9.Nc3 Qc5 10.e4 g5 11.Be3 Qxe5 12.Qxa7 b5 13.f3 Bg7 14.fxg4 Nf6 15.Qc5 Nxg4
16.Qxc6+ Kf8 17.Bb6 Qf4 18.Be2 Rh6 19.Qc7 Bxc3+ 20.Qxc3 b4 21.Qc5 Qd2+ 22.Kf1 Rf6+
23.Kg1 Rdd6 24.Bxg4 hxg4 25.Qc8+ Kg7 26.Qxg4 Rxb6 27.h4 Qd4+ 28.Kh2 Qe5+
29.Kh3 Rh6 30.g3 Rbg6 31.h5 e6 32.Raf1 f6 33.Kg2 f5 34.exf5 Qd5+ 35.Qf3 Qxf3+
36.Rxf3 Rf6 37.fxe6 Rxe6 38.g4 Ra6 39.Rhf1  1-0

[Event "Lichtenrader Autumn"]
[Site "Berlin GER"]
[Date "2005.10.04"]
[Round "4"]
[White "Federau,J"]
[Black "Wolf,Christi"]
[Result "1/2-1/2"]
[WhiteElo "2220"]
[BlackElo "2087"]

1.d4 d5 2.c4 Nc6 3.Nf3 Bg4 4.cxd5 Bxf3 5.dxc6 Bxc6 6.Nc3 e6 7.a3 Qh4 8.e3 O-O-O
9.Qe2 Ne7 10.Bd2 e5 11.dxe5 Ng6 12.O-O-O Nxe5 13.Be1 Rxd1+ 14.Qxd1 Bc5 15.Kb1 Rd8
16.Qc1 Qe7 17.Qc2 Qe6  1/2-1/2

[Event "Vojvodina Quality League"]
[Site "Pancevo SCG"]
[Date "2005.10.05"]
[Round "4"]
[White "Orlov,K"]
[Black "Visnjic,D"]
[Result "1-0"]
[WhiteElo "2255"]
[BlackElo "2168"]

1.d4 d5 2.c4 Nc6 3.Nc3 dxc4 4.Nf3 Na5 5.e4 c6 6.Be2 Nf6 7.O-O b5 8.Qc2 e6
9.Bg5 Be7 10.Rfd1 Bb7 11.b4 Bxb4 12.e5 Bxc3 13.exf6 gxf6 14.Qxc3 b4 15.Qxb4 fxg5
16.Ne5 Qc7 17.Bh5 Rf8 18.Rab1 Rc8 19.Qc5 Rd8 20.Re1 Rd5 21.Qxa7 Rb5 22.a4 Rb3
23.Nxc4  1-0

[Event "Lichtenrader Autumn"]
[Site "Berlin GER"]
[Date "2005.10.06"]
[Round "6"]
[White "Giemsa,S"]
[Black "Wolf,Christi"]
[Result "1-0"]
[WhiteElo "2306"]
[BlackElo "2087"]

1.d4 d5 2.c4 Nc6 3.Nf3 Bg4 4.Nc3 e6 5.cxd5 exd5 6.Qb3 Bxf3 7.Qxb7 Nxd4 8.exf3 Rb8
9.Qxa7 Nc2+ 10.Kd1 Nxa1 11.Bb5+ Rxb5 12.Nxb5 Bd6 13.Be3 Ne7 14.Nxd6+ Qxd6
15.Qa4+ Nc6 16.Ke2 O-O 17.Rxa1 d4 18.Rd1 Qe6 19.Rc1 dxe3 20.Rxc6 Qf5 21.fxe3 Rd8
22.Qc2 Qb5+ 23.Kf2 Qb4 24.Ke2 Qb5+ 25.Rc4 g6 26.a4 Qh5 27.h4 Qe5 28.Kf2 Qe7
29.b4 Rd7 30.b5 Qd8 31.Ke2 Rd5 32.Qc3 f6 33.Rxc7 Rd2+ 34.Qxd2 Qxc7 35.Qd5+ Kg7
36.Qc6 Qg3 37.f4 Qg4+ 38.Qf3 Qc8 39.Qc6 Qg4+ 40.Qf3 Qc8 41.Qe4 Qg4+ 42.Kd2 Qxh4
43.b6 Qf2+ 44.Kd3 Qf1+ 45.Kd4 Qa1+ 46.Kc5 Qa3+ 47.Kb5 Qb2+ 48.Ka6 Qe2+ 49.Ka7 Qd2
50.Qe7+ Kh6 51.Qf8+ Kh5 52.Qc5+  1-0

[Event "Vojvodina Quality League"]
[Site "Pancevo SCG"]
[Date "2005.10.06"]
[Round "6"]
[White "Cengija,V"]
[Black "Deze,V"]
[Result "1/2-1/2"]
[WhiteElo "2232"]
[BlackElo "2215"]

1.d4 d5 2.c4 Nc6 3.Nf3 Bg4 4.Nc3 e6 5.e3 Bb4 6.a3 Bxc3+ 7.bxc3 Nf6 8.Be2 O-O
9.O-O dxc4 10.Bxc4 Na5 11.Be2 c5 12.a4 Nd5 13.Bd2 cxd4 14.cxd4 Rc8 15.Rc1 Rxc1
16.Qxc1 Nb3  1/2-1/2

[Event "Open A"]
[Site "Hamburg GER"]
[Date "2005.10.07"]
[Round "5"]
[White "Gebhardt,Ul"]
[Black "Zaragatski,I"]
[Result "1/2-1/2"]
[WhiteElo "2182"]
[BlackElo "2376"]

1.d4 d5 2.c4 Nc6 3.Nf3 Bg4 4.Qa4 Bxf3 5.exf3 e6 6.Nc3 Ne7 7.Bg5 Qd7 8.cxd5 Nxd5
9.Bb5 Be7 10.Bxc6 bxc6 11.Bxe7 Nxe7 12.O-O O-O 13.Rac1 Rfb8 14.b3 a5 15.Ne2 Rb4
16.Qa3 Qd6 17.Rc5 Rb5 18.Rfc1 h6 19.Qa4 Rb4 20.Qa3 Rb6 21.Qa4 Rb4 22.Qa3 Rb5  1/2-1/2

[Event "2nd Bundesliga Ost 2005-6"]
[Site "Austria AUT"]
[Date "2005.10.09"]
[Round "2"]
[White "Knoflicek,C"]
[Black "Brandner,S"]
[Result "0-1"]
[WhiteElo "2192"]
[BlackElo "2335"]

1.d4 d5 2.c4 Nc6 3.Nf3 Bg4 4.Nc3 e6 5.Bf4 Nf6 6.e3 Bd6 7.Bg5 Bb4 8.Rc1 h6
9.Bxf6 Qxf6 10.cxd5 exd5 11.a3 Bxc3+ 12.Rxc3 O-O 13.h3 Bh5 14.Be2 Qd6 15.Qc1 f5
16.Ne5 Bxe2 17.Nxc6 f4 18.Kxe2 bxc6 19.Rxc6 Qe7 20.Rxc7 Qg5 21.Rg1 fxe3 22.f3 Qg3
23.Kxe3 Rae8+ 24.Kd3 Qf2 25.Rc2 Rxf3+ 26.gxf3 Qxf3+ 27.Kd2 Qe3+  0-1

[Event "Open A"]
[Site "Hamburg GER"]
[Date "2005.10.09"]
[Round "9"]
[White "Richter,Ch"]
[Black "Hebbinghaus,H"]
[Result "1/2-1/2"]
[WhiteElo "2435"]
[BlackElo "2288"]

1.d4 d5 2.c4 Nc6 3.Nf3 Bg4 4.Nc3 e6 5.cxd5 exd5 6.Bf4 Bxf3 7.gxf3 Bd6 8.Bg3 Nge7
9.e3 h5 10.Qc2 h4 11.Bxd6 Qxd6 12.Bh3 O-O 13.f4 Nb4 14.Qe2 c5 15.Rg1 cxd4
16.Nb5 Qf6 17.Nxd4 Nbc6 18.Rd1 Rfe8 19.Kf1 Ng6 20.Qg4 Re4 21.Nf5 Nce7 22.Qg5 Qxg5
23.Rxg5 Rb4 24.Rd2 Nxf5 25.Rxf5 d4 26.Rd5 dxe3 27.fxe3 Re8 28.Kf2 Nf8 29.Kf3 Nh7
30.R5d4 Rb6 31.Rc4 Kf8 32.Rc7 Nf6 33.b3 Rb4 34.Bf5 g6 35.Bc2 Rb5 36.Rc4 a6
37.Rd6 Kg7 38.Bd3 Ra5 39.a4 Rd5 40.Rxd5 Nxd5 41.e4 Nb6 42.Rc7 Rd8 43.Ke3 Rd7
44.Rxd7 Nxd7 45.Kd4 Kf6 46.a5 Ke7 47.Kd5 Nf6+ 48.Kc5 Nd7+ 49.Kd4 f6 50.e5 fxe5+
51.fxe5 g5 52.Bf5 Nb8 53.Kc5 Nc6 54.b4 Nxe5 55.Bc8 Nd7+ 56.Kd4 g4 57.Bxb7 g3
58.h3 Kd6 59.Ke3 Nb8 60.Kf4 Nc6 61.Kf3 Nxb4 62.Kg4 Nc6 63.Kf3 Nxa5 64.Bxa6 Ke5
65.Bf1 Kf5 66.Bd3+ Kg5 67.Ba6 Nc6 68.Bb7 Ne5+ 69.Ke3 Ng6 70.Bc8 Nf4 71.Kf3 Nd3
72.Bb7 Nf2 73.Bc8 Kf6 74.Bd7 Ke5 75.Bc6 Kd4 76.Kf4 Kd3 77.Bg2  1/2-1/2

[Event "SCG First League m"]
[Site "Vrnjacka Banja SCG"]
[Date "2005.10.22"]
[Round "6"]
[White "Markus,R"]
[Black "Miladinovic,I"]
[Result "1/2-1/2"]
[WhiteElo "2579"]
[BlackElo "2609"]

1.d4 d5 2.c4 Nc6 3.Nf3 Bg4 4.Nc3 e6 5.cxd5 exd5 6.Bg5 Be7 7.Bxe7 Ngxe7 8.e3 Qd6
9.Be2 O-O 10.Rc1 Bxf3 11.Bxf3 Nd8 12.O-O c6 13.Qb3 Qg6  1/2-1/2

[Event "9th Bavarian Open"]
[Site "Bad Wiessee GER"]
[Date "2005.11.02"]
[Round "5"]
[White "Postny,E"]
[Black "Pirrot,D"]
[Result "1-0"]
[WhiteElo "2571"]
[BlackElo "2401"]

1.d4 d5 2.c4 Nc6 3.Nf3 Bg4 4.Nc3 e6 5.Bg5 Be7 6.Bxe7 Ngxe7 7.e3 O-O 8.cxd5 exd5
9.Be2 a6 10.O-O Qd6 11.Rc1 f5 12.Ne1 Rf6 13.Bxg4 fxg4 14.Qxg4 Nf5 15.g3 Nh6
16.Qh5 Rf5 17.Qd1 Re8 18.Ng2 g5 19.Rc2 Nd8 20.f3 Ne6 21.g4 Rf7 22.Ne2 Ref8
23.Ng3 b6 24.Rd2 c6 25.Ne1 c5 26.dxc5 Qxc5 27.Nc2 Qb5 28.Rff2 Qa4 29.b3 Qc6
30.Nb4 Qc5 31.Nxd5  1-0

[Event "9th Bavarian Open"]
[Site "Bad Wiessee GER"]
[Date "2005.11.05"]
[Round "8"]
[White "Rau,J"]
[Black "Meinhardt,Ma"]
[Result "0-1"]
[WhiteElo "2168"]
[BlackElo "2372"]

1.d4 d5 2.c4 Nc6 3.Nc3 Nf6 4.Nf3 dxc4 5.d5 Na5 6.Qa4+ c6 7.dxc6 Nxc6 8.e3 Bd7
9.Bxc4 e6 10.O-O Rc8 11.Be2 Bc5 12.Rd1 O-O 13.Qh4 Be7 14.e4 Qc7 15.Qg3 Qxg3
16.hxg3 Rfd8 17.Bf4 Bb4 18.Bg5 h6 19.Bxf6 gxf6 20.Nb5 Ne5 21.Nxe5 fxe5 22.Nd6 Bxd6
23.Rxd6 Bc6 24.Rd3 Bxe4 25.Re3 Rd4 26.Bd1 Rc5 27.a3 a5 28.f3 Bc6 29.Kf1 Rd2
30.b4 Rcd5 31.Bb3 R5d4 32.bxa5 Rb2 33.Ra2 Rb1+ 34.Kf2 h5 35.a4 Rb4 36.Ra3 Kg7
37.Rc3 Bd5 38.Bc2 Rc1 39.Ke3 Re1+ 40.Kf2 Rc1 41.Bd3 Rb2+ 42.Be2 Rh1 43.Rc5 Kf6
44.Rac3 Ra1 45.Rb5 Rd2 46.Rb4 Raa2 47.Re3 Rd4 48.Rb6 Rdxa4  0-1

[Event "Autumn Open"]
[Site "St Petersburg RUS"]
[Date "2005.11.05"]
[Round "8"]
[White "Astanovsky,K"]
[Black "Lychik,R"]
[Result "1/2-1/2"]
[WhiteElo "2118"]
[BlackElo "2059"]

1.d4 d5 2.c4 Nc6 3.Nc3 Nf6 4.cxd5 Nxd5 5.e4 Nxc3 6.bxc3 e5 7.d5 Nb8 8.g3 Bc5
9.Bg2 O-O 10.Ne2 Bg4 11.h3 Bh5 12.O-O c6 13.g4 Bg6 14.c4 Qh4 15.Qd3 h5 16.Qg3 Qxg3
17.Nxg3 hxg4 18.hxg4 Nd7 19.Bb2 Nb6 20.Rac1 Rfe8 21.Rfd1 Rac8 22.Bf1 Na4
23.Ba1 b6  1/2-1/2

[Event "TCh-NED 2005-6"]
[Site "Netherlands NED"]
[Date "2005.11.26"]
[Round "4"]
[White "Janssen,Ru"]
[Black "Veltkamp,G"]
[Result "1-0"]
[WhiteElo "2492"]
[BlackElo "2166"]

1.d4 d5 2.c4 Nc6 3.Nf3 Bg4 4.Nc3 Bxf3 5.gxf3 e6 6.Bf4 Nge7 7.e3 g6 8.Qb3 Rb8
9.Rc1 Bg7 10.cxd5 exd5 11.Nb5 Rc8 12.Bh3 f5 13.Bg5 a6 14.Nc3 Na5 15.Qa3 Nac6
16.Qb3 Na5 17.Qa3 Nac6 18.f4 h6 19.Bh4 g5 20.Bg3 O-O 21.Bg2 a5 22.O-O Nb4
23.Qxa5 c5 24.Qxd8 Rfxd8 25.dxc5 d4 26.exd4 Rxd4 27.Nb5 Nxa2 28.Rce1 Rd7
29.fxg5 Rxc5 30.gxh6 Bxb2 31.Nd6 Ng6 32.Re2 Bd4 33.Nxb7 Nc3 34.Re8+ Kf7 35.Nxc5 Kxe8
36.Nxd7 f4 37.Nb8  1-0

[Event "2nd Bundesliga West 2005-6"]
[Site "Austria AUT"]
[Date "2005.12.02"]
[Round "3"]
[White "Tabernig,B"]
[Black "Sucher,J"]
[Result "1-0"]
[WhiteElo "2324"]
[BlackElo "2228"]

1.d4 d5 2.c4 Nc6 3.Nc3 dxc4 4.d5 Na5 5.Qa4+ c6 6.b4 cxb3 7.axb3 e6 8.Bd2 Nxb3
9.Qxb3 exd5 10.e4 d4 11.Bc4 Qe7 12.Nce2 g6 13.Nf3 Bg7 14.O-O c5 15.Qb5+ Kf8
16.Nexd4 Bg4 17.Rab1 a6 18.Qb6 Rd8 19.Nb3 Bxf3 20.Be3 Be5 21.gxf3 Kg7 22.Qxc5 Bd6
23.Qg5 f6 24.Qg2 Nh6 25.Nd4 Be5 26.Ne6+  1-0

[Event "FSIM December"]
[Site "Budapest HUN"]
[Date "2005.12.09"]
[Round "7"]
[White "Varga,Cs2"]
[Black "Radnai,A"]
[Result "1-0"]
[WhiteElo "2279"]
[BlackElo "2198"]

1.d4 d5 2.c4 Nc6 3.Nc3 dxc4 4.e3 e5 5.d5 Nce7 6.Bxc4 Nf5 7.Nf3 f6 8.O-O Nge7
9.Qc2 a6 10.Rd1 g6 11.Ne4 Bg7 12.Bd2 Nd6 13.Nxd6+ cxd6 14.Qa4+ Bd7 15.Qa3 Nc8
16.Rac1 O-O 17.Bb4 Bg4 18.Be2 f5 19.Rc2 g5 20.Qa5 Qf6 21.h3 Bxf3 22.Bxf3 Qg6
23.Be2 f4 24.e4 h5 25.Qc7 Qxe4 26.Bd3 Qxb4 27.Qd7 Rf7 28.Bh7+ Kxh7 29.Qxf7 Qa4
30.b3 Qe4 31.Qxh5+ Kg8 32.Qe8+ Kh7 33.Rxc8 Rxc8 34.Qxc8 Qg6 35.Rc1 e4 36.Qxb7 e3
37.fxe3 Qd3 38.Qe7 Qd2 39.Rf1 Qe2 40.Qe4+ Kh6 41.Qf3 Qxe3+ 42.Qxe3 fxe3 43.Rf3 g4
44.hxg4 Kg5 45.Kf1 Bd4 46.Ke2  1-0

[Event "12th Open"]
[Site "Zadar CRO"]
[Date "2005.12.15"]
[Round "6"]
[White "Nikolov,M"]
[Black "Fercec,N"]
[Result "1/2-1/2"]
[WhiteElo "2435"]
[BlackElo "2512"]

1.d4 d5 2.c4 Nc6 3.cxd5 Qxd5 4.e3 e5 5.Nc3 Bb4 6.Bd2 Bxc3 7.Bxc3 exd4 8.Ne2 Nf6
9.Nxd4 O-O 10.Qb3 Nxd4 11.Bxd4 Qg5 12.Bxf6 Qxf6 13.Bc4  1/2-1/2

[Event "5th Amplico AIG Life"]
[Site "Warsaw POL"]
[Date "2005.12.18"]
[Round "12"]
[White "Jasnikowski,Z"]
[Black "Kukawski,M"]
[Result "1/2-1/2"]
[WhiteElo "2405"]
[BlackElo "2182"]

1.d4 d5 2.c4 Nc6 3.Nf3 Bg4 4.cxd5 Bxf3 5.dxc6 Bxc6 6.Nc3 e6 7.e4 Bb4 8.f3 Qh4+
9.g3 Qf6 10.Be3 O-O-O 11.Bg2 Ba5 12.Qd2 Qg6 13.O-O f5 14.Rac1 Nf6 15.e5 Nd5
16.Bf2 Kb8 17.f4 h5 18.h4 Qf7 19.Qe2 Bb6 20.Rfd1 g6 21.a3 Qd7 22.Nb1 Ne7
23.Nc3 Nd5 24.Qc4 Nxc3 25.bxc3 Bxg2 26.Kxg2 c6 27.Qe2 Qd5+ 28.Kh2 Qb3 29.c4 Qxa3
30.c5 Ba5 31.Ra1 Qc3 32.Qa2 Qf3 33.Kg1 Bc3 34.Qb3 g5 35.Rac1 gxh4 36.Rxc3 Qg4
37.Rf1 Rhg8 38.Qxe6 Rg7 39.Qf6 Rdg8 40.e6 Qxf4 41.e7 Rxg3+ 42.Rxg3 Qxg3+  1/2-1/2

[Event "Open A"]
[Site "Bethune FRA"]
[Date "2005.12.27"]
[Round "2"]
[White "Foisor,S"]
[Black "Foisor,C"]
[Result "1/2-1/2"]
[WhiteElo "2220"]
[BlackElo "2409"]

1.d4 d5 2.c4 Nc6 3.Nc3 dxc4 4.e3 Nf6 5.Bxc4 e6 6.Nf3 a6 7.a3 Be7 8.O-O O-O
9.b4 b5 10.Bb3 a5 11.Bb2 axb4 12.axb4 Rxa1 13.Qxa1 Nxb4 14.Nxb5 Ba6 15.Bc4 Bxb5
16.Bxb5 Qd5 17.Be2 Ra8 18.Qc1 Bd6  1/2-1/2